000 00780nam a2200253Ia 4500
003 OSt
005 20220923211442.0
006 a|||||r|||| 00| 0
007 ta
008 Pun
020 _a9789350170397 (hbk)
_c100
024 _a290,361
037 _b969, 16/12/2015, H.K. Prakashan
_cTextual
040 _aARTS
_cARTS
_bPun
041 _2Pun
_aPun
082 _aO153,2NAT,MC, Q0
100 _aਆਤਮਜੀਤ
245 0 _aਮੰੁਗੂ ਕਾਮਰੇਡ
260 _aਚੰਡੀਗੜ੍ਹ
_b ਲੋਕਗੀਤ ਪ੍ਰਕਾਸਨ
_c2010
300 _a108ਪੰ
_ccm.
650 _aਪੰਜਾਬੀ ਸਾਹਿਤ
942 _hO153,2NAT,MC, Q0
_cTEXL
_2CC
999 _c299685
_d299685